<?xml version="1.0" encoding="UTF-8"?>
<record
    xmlns:xsi="http://www.w3.org/2001/XMLSchema-instance"
    xsi:schemaLocation="http://www.loc.gov/MARC21/slim http://www.loc.gov/standards/marcxml/schema/MARC21slim.xsd"
    xmlns="http://www.loc.gov/MARC21/slim">

  <leader>01274nam a2200373 i 4500</leader>
  <controlfield tag="001">768714001</controlfield>
  <controlfield tag="003">CO-MdFUSB</controlfield>
  <controlfield tag="005">20260430145627.0</controlfield>
  <controlfield tag="007">ta</controlfield>
  <controlfield tag="008">240801t1994    sp  |||| |||| 00| 0 spa d</controlfield>
  <datafield tag="020" ind1=" " ind2=" ">
    <subfield code="a">8429311173</subfield>
  </datafield>
  <datafield tag="040" ind1=" " ind2=" ">
    <subfield code="a">CO-MdFUSB</subfield>
    <subfield code="b">spa</subfield>
    <subfield code="c">CO-MdFUSB</subfield>
    <subfield code="d">CO-MdFUSBC</subfield>
    <subfield code="e">rda</subfield>
  </datafield>
  <datafield tag="041" ind1=" " ind2=" ">
    <subfield code="a">spa</subfield>
    <subfield code="h">fre</subfield>
  </datafield>
  <datafield tag="082" ind1=" " ind2=" ">
    <subfield code="2">23</subfield>
    <subfield code="a">241.664</subfield>
    <subfield code="b">AN535</subfield>
  </datafield>
  <datafield tag="100" ind1=" " ind2=" ">
    <subfield code="a">Anatrella, Tony, </subfield>
    <subfield code="e">autor</subfield>
  </datafield>
  <datafield tag="240" ind1=" " ind2=" ">
    <subfield code="a">Le sexe oubli&#xE9;. </subfield>
  </datafield>
  <datafield tag="245" ind1=" " ind2="3">
    <subfield code="a">El sexo olvidado</subfield>
    <subfield code="c">/ Tony Anatrella ; traducido por Milagros Amado Mier , Denise Garnier</subfield>
  </datafield>
  <datafield tag="264" ind1=" " ind2="1">
    <subfield code="a">Bilbao, Espa&#xF1;a : </subfield>
    <subfield code="b">Sal Terrae, </subfield>
    <subfield code="c">[1994]</subfield>
  </datafield>
  <datafield tag="264" ind1=" " ind2="4">
    <subfield code="c">&#xA9;1994</subfield>
  </datafield>
  <datafield tag="300" ind1=" " ind2=" ">
    <subfield code="a">310 p&#xE1;ginas</subfield>
    <subfield code="c">; 22 cm</subfield>
  </datafield>
  <datafield tag="336" ind1=" " ind2=" ">
    <subfield code="2">rdacontent</subfield>
    <subfield code="a">texto</subfield>
    <subfield code="b">txt</subfield>
  </datafield>
  <datafield tag="337" ind1=" " ind2=" ">
    <subfield code="2">rdamedia</subfield>
    <subfield code="a">sin mediaci&#xF3;n</subfield>
    <subfield code="b">n</subfield>
  </datafield>
  <datafield tag="338" ind1=" " ind2=" ">
    <subfield code="2">rdacarrier</subfield>
    <subfield code="a">volumen</subfield>
    <subfield code="b">nc</subfield>
  </datafield>
  <datafield tag="490" ind1=" " ind2=" ">
    <subfield code="a">Presencia Social</subfield>
  </datafield>
  <datafield tag="505" ind1=" " ind2=" ">
    <subfield code="a">El cuerpo eliminado. -- El sexo confiscado. -- El desarrollo del v&#xED;nculo sexual y los problemas actuales. -- De sexo y de amor. -- El amor en los tiempos del SIDA.</subfield>
  </datafield>
  <datafield tag="563" ind1=" " ind2=" ">
    <subfield code="a">R&#xFA;stico</subfield>
  </datafield>
  <datafield tag="653" ind1=" " ind2=" ">
    <subfield code="a">&#xC9;tica sexual  </subfield>
  </datafield>
  <datafield tag="653" ind1=" " ind2=" ">
    <subfield code="a">Sexualidad &#x2014; Aspectos sociales</subfield>
  </datafield>
  <datafield tag="653" ind1=" " ind2=" ">
    <subfield code="a">Psicolog&#xED;a sexual</subfield>
  </datafield>
  <datafield tag="700" ind1=" " ind2=" ">
    <subfield code="a">Amado Mier, Milagros.</subfield>
    <subfield code="9">2252</subfield>
    <subfield code="e">traductor</subfield>
  </datafield>
  <datafield tag="700" ind1=" " ind2=" ">
    <subfield code="a">Garnier, Denise</subfield>
    <subfield code="9">9225</subfield>
    <subfield code="e">traductor</subfield>
  </datafield>
  <datafield tag="942" ind1=" " ind2=" ">
    <subfield code="c">BK</subfield>
  </datafield>
  <datafield tag="945" ind1=" " ind2=" ">
    <subfield code="a">JTF-925</subfield>
  </datafield>
  <datafield tag="952" ind1=" " ind2=" ">
    <subfield code="0">0</subfield>
    <subfield code="1">0</subfield>
    <subfield code="2">ddc</subfield>
    <subfield code="4">0</subfield>
    <subfield code="7">0</subfield>
    <subfield code="8">GEN</subfield>
    <subfield code="a">FUSBC</subfield>
    <subfield code="b">FUSBC</subfield>
    <subfield code="d">2024-08-01</subfield>
    <subfield code="l">0</subfield>
    <subfield code="o">G 241.664 AN535s</subfield>
    <subfield code="p">22148</subfield>
    <subfield code="r">2024-08-01 00:00:00</subfield>
    <subfield code="t">Ej. 1</subfield>
    <subfield code="w">2024-08-01</subfield>
    <subfield code="y">BK</subfield>
    <subfield code="k">25</subfield>
  </datafield>
  <datafield tag="999" ind1=" " ind2=" ">
    <subfield code="c">70681</subfield>
    <subfield code="d">70681</subfield>
  </datafield>
</record>
